| Поле | Инд. | ПП | Название | Значение |
|---|---|---|---|---|
| Тип записи | a | |||
| Библиографический уровень | m | |||
| 001 | Контрольный номер | f4c0aadd0b044a8bb8ce7879e905a44b | ||
| 005 | Дата корректировки | 20260526163410.9 | ||
| 020 | a | ISBN | 978-5-534-21113-9 | |
| 040 | b | Код языка каталог. | rus | |
| e | Правила каталог. | PSBO | ||
| 041 | 0_ | a | Код языка текста | rus |
| 080 | a | Индекс УДК | 334.7(075.8) | |
| 097 | b | Оператор | *Ж* | |
| 097 | b | Оператор | *Мал* | |
| 100 | 1_ | a | Автор | Мурзин Д.А. |
| 245 | 10 | a | Заглавие | Учет и налогообложение на предприятиях малого и среднего бизнеса |
| b | Продолж. заглавия | учебное пособие для среднего профессионального образования | ||
| b | Продолж. заглавия | в составе учебно-методического комплекса | ||
| 260 | a | Место издания | Москва | |
| b | Издательство | Юрайт | ||
| c | Дата издания | 2025 | ||
| 300 | a | Объем | 194 с. | |
| 440 | _0 | a | Серия | Профессиональное образование |
| 440 | _0 | a | Серия | УМК-У |
| 516 | 8_ | a | Прим. о типе комп. файла/ данных | Текст : электронный |
| a | Прим. о типе комп. файла/ данных | Режим доступа: по подписке | ||
| a | Прим. о типе комп. файла/ данных | Дата обращения 22.01.2026 | ||
| 520 | 0_ | a | Аннотация | В курсе подробно изложены вопросы регистрации субъектов малого и среднего бизнеса, налогообложения в различных налоговых режимах, ведения бухгалтерского учета. Особое внимание уделяется типовым хозяйственным операциям, наиболее распространенным в предпринимательской деятельности, в частности нормативно-правовым аспектам их осуществления, оформления первичной учетной документации, ведения синтетического, аналитического и налогового учета. Для более полного и доступного понимания материала используются условные практические примеры, схемы, рисунки, формы документов. Соответствует актуальным требованиям федерального государственного образовательного стандарта высшего образования. Для студентов, обучающихся по направлениям «Экономика», «Бизнес-информатика», «Государственное и муниципальное управление», «Управление персоналом» и другим экономическим направлениям, связанным с изучением дисциплин в области бухгалтерского и налогового учета. |
| 535 | 1_ | a | Хранилище | Образовательная платформа Юрайт |
| 583 | a | Действие | Приписка : УМК | |
| 653 | 0_ | a | Ключевые слова | Налогообложение |
| a | Ключевые слова | Малый бизнес | ||
| a | Ключевые слова | Средний бизнес | ||
| a | Ключевые слова | Бухгалтерский учет | ||
| a | Ключевые слова | Учет налогов | ||
| a | Ключевые слова | Учет денежных средств | ||
| a | Ключевые слова | Бухгалтерская отчетность | ||
| a | Ключевые слова | СПО | ||
| 655 | 07 | a | Жанр/ форма (устаревшее) | У |
| 700 | 12 | a | Другие авторы | Барышников Н.Г. |
| 700 | 12 | a | Другие авторы | Самыгин Д.Ю. |
| 773 | 18 | w | Контрольный № источника | feb917f062a04ea78a39db31ac9a7c12 |
| 856 | 40 | u | URL | https://urait.ru/bcode/559361 |
| 901 | t | Тип документа | m | |
| 905 | b | Дата создания записи обработка | 19.03.26 | |
| c | Дата приписки | 26.05.26 | ||
| 952 | a | Тип литературы для КСУ ВШ | *У2* | |
| 952 | e | Факультет | *ФУСК* | |
| 952 | b | Гриф литературы для ВШ | Гриф УМО | |
| 990 | g | Размещение заказа (DOS) | Образовательная платформа Юрайт | |
| 990 | h | N записи в КСУ для Б/У (DOS) | 1004/2026 |